Horror Movie Franchises #29: Critters - Statistics

General Stats
  • This quiz has been taken 9 times
  • The average score is 4 of 5
Answer Stats
Movie % Correct
Critters
100%
Critters 4
88%
Critters 3
75%
Critters Attack!
75%
Critters 2: The Main Course
50%
No matching quizzes found
Score Distribution
Percent of People with Each Score
Percentile by Number Answered
Your Score History
You have not taken this quiz